iLearning (E-BOOK) (Record no. 193136)

000 -LEADER
fixed length control field 00982 a2200289 4500
003 - CONTROL NUMBER IDENTIFIER
control field Nust
005 - DATE AND TIME OF LATEST TRANSACTION
control field 20170207154051.0
010 ## - LIBRARY OF CONGRESS CONTROL NUMBER
LC control number 2008016522
020 ## - INTERNATIONAL STANDARD BOOK NUMBER
International Standard Book Number 0470292652 (cloth)
020 ## - INTERNATIONAL STANDARD BOOK NUMBER
International Standard Book Number 9780470292655 (cloth)
035 ## - SYSTEM CONTROL NUMBER
System control number (OCoLC)223370182
035 ## - SYSTEM CONTROL NUMBER
System control number (OCoLC)ocn223370182
040 ## - CATALOGING SOURCE
Transcribing agency Nust
082 00 - DEWEY DECIMAL CLASSIFICATION NUMBER
Classification number 658.312404
100 1# - MAIN ENTRY--PERSONAL NAME
Personal name Salisbury, Mark,
245 10 - TITLE STATEMENT
Title iLearning (E-BOOK)
Remainder of title how to create an innovative learning organization /
Statement of responsibility, etc. Mark Salisbury.
250 ## - EDITION STATEMENT
Edition statement 1st ed.
260 ## - PUBLICATION, DISTRIBUTION, ETC.
Place of publication, distribution, etc. San Francisco :
Name of publisher, distributor, etc. Pfeiffer,
Date of publication, distribution, etc. c2009.
300 ## - PHYSICAL DESCRIPTION
Extent xxxv, 251 p. :
Other physical details ill. ;
Dimensions 24 cm.
490 1# - SERIES STATEMENT
Series statement Essential resources for training and HR professionals
500 ## - GENERAL NOTE
General note "An essential knowledge resource"--Jacket.
650 #0 - SUBJECT ADDED ENTRY--TOPICAL TERM
Topical term or geographic name entry element Learning.
650 #0 - SUBJECT ADDED ENTRY--TOPICAL TERM
Topical term or geographic name entry element Organizational learning.
651 ## - SUBJECT ADDED ENTRY--GEOGRAPHIC NAME
Geographic name iLearning (E-BOOK)
830 #0 - SERIES ADDED ENTRY--UNIFORM TITLE
Uniform title Pfeiffer essential resources for training and HR professionals.
856 41 - ELECTRONIC LOCATION AND ACCESS
Materials specified Table of contents only
Uniform Resource Identifier <a href="http://www.loc.gov/catdir/toc/ecip0815/2008016522.html">http://www.loc.gov/catdir/toc/ecip0815/2008016522.html</a>
942 ## - ADDED ENTRY ELEMENTS (KOHA)
Source of classification or shelving scheme
Koha item type Book
Holdings
Withdrawn status Lost status Source of classification or shelving scheme Damaged status Not for loan Collection code Permanent Location Current Location Date acquired Total Checkouts Full call number Barcode Date last seen Price effective from Koha item type
            Military College of Signals (MCS) Military College of Signals (MCS) 12/12/2016   658.312404 SAL MCSEB-2475 12/08/2016 12/12/2016 Book
© 2023 Central Library, National University of Sciences and Technology. All Rights Reserved.